Normal view
MARC view
- Javed, Syed Hasan,
Entry Personal Name
001 - CONTROL NUMBER
- control field: 5067
003 - CONTROL NUMBER IDENTIFIER
- control field: NUST
005 - DATE AND TIME OF LATEST TRANSACTION
- control field: 20170928125646.0
008 - FIXED-LENGTH DATA ELEMENTS
- fixed length control field: 170928|| aca||aabn | a|a d
040 ## - CATALOGING SOURCE
- Original cataloging agency: NUST
- Transcribing agency: NUST
100 ## - HEADING--PERSONAL NAME
- Personal name: Javed, Syed Hasan,
- Dates associated with a name: 1955-
- Relator term: author.
670 ## - SOURCE DATA FOUND
- Source citation: Work cat.: (NUST)0: Javed, Syed Hasan, 1955- author., Rise of China and the Asian century /
